[Event "16th Creon Open"]
[Site "Creon FRA"]
[Date "2011.08.04"]
[Round "5.21"]
[White "Mestdagh,F"]
[Black "Jaureguiberry,C"]
[Result "1/2-1/2"]
[WhiteElo "1948"]
[BlackElo "2132"]

1.d4 Nf6 2.Nf3 g6 3.c4 Bg7 4.Nc3 O-O 5.e4 d6 6.Be2 e5 7.dxe5 dxe5 8.Qxd8 Rxd8
9.Nd5 Nxd5 10.cxd5 c6 11.Bc4 b5 12.Bb3 Bb7 13.Bg5 Rd7 14.Rc1 h6 15.Be3 a5
16.O-O a4 17.dxc6 Nxc6 18.Bd5 Nd4 19.Bxb7 Rxb7 20.Bxd4  1/2-1/2

[Event "16th Creon Open"]
[Site "Creon FRA"]
[Date "2011.08.04"]
[Round "6.15"]
[White "Duffau,P"]
[Black "Safranska,A"]
[Result "0-1"]
[WhiteElo "1974"]
[BlackElo "2230"]

1.Nf3 d6 2.d4 Nf6 3.c4 g6 4.Nc3 Bg7 5.e4 O-O 6.Be2 Na6 7.O-O e5 8.d5 Nc5
9.Qc2 a5 10.Ne1 Bd7 11.Bd2 Kh8 12.b3 b6 13.a3 Ng8 14.Nd3 f5 15.f3 Nf6 16.Nc1 Nh5
17.Nd3 Qh4 18.Be3 Nf4 19.Bf2 Qg5 20.Nxf4 exf4 21.Rad1 fxe4 22.h4 Qf6 23.Nxe4 Nxe4
24.Qxe4 Rae8 25.Qc2 Qb2 26.Bd3 Qxa3 27.Rb1 a4 28.h5 axb3 29.Rxb3 Qa8 30.Rbb1 Bf5
31.hxg6 hxg6 32.Bxf5 Rxf5 33.Rfe1 Kh7 34.Re4 Qd8 35.Rbe1 Be5 36.Qd3 Qf6 37.R1e2 Ra8
38.Re1 Rh5 39.R4e2 Kg7 40.Rc2 Kf7 41.Rd1 Qh8 42.Kf1 Rh1+ 43.Bg1 Ra1 44.Rd2 Qh2  0-1

[Event "16th Creon Open"]
[Site "Creon FRA"]
[Date "2011.08.04"]
[Round "6.12"]
[White "Ollier,P"]
[Black "Kempinski,A"]
[Result "1-0"]
[WhiteElo "2277"]
[BlackElo "2057"]

1.d4 Nf6 2.c4 g6 3.Nc3 Bg7 4.e4 d6 5.Nf3 O-O 6.Be2 e5 7.dxe5 dxe5 8.Qxd8 Rxd8
9.Nd5 Ne8 10.Bg5 f6 11.Be3 c6 12.Ne7+ Kf7 13.Nxc8 Rxc8 14.O-O-O b6 15.h4 Bf8
16.Nh2 c5 17.Bg4 Rc7 18.h5 Nd6 19.hxg6+ hxg6 20.b3 Nc6 21.Nf1 Nd4 22.Ng3 Bg7
23.f4 Re8 24.f5 gxf5 25.Bh5+ Kf8 26.Bxe8 Kxe8 27.Bxd4 cxd4 28.Nxf5 Nxf5 29.exf5 b5
30.Kd2 bxc4 31.bxc4 Rxc4 32.Kd3 Rc3+ 33.Ke4 Ra3 34.Rh7 Kf8 35.Rc1 Kg8 36.Rh3 Rxa2
37.Rc8+ Kf7 38.Rc7+ Kf8 39.Rb3 Kg8 40.Rg3  1-0

[Event "98th ch-GBR"]
[Site "Sheffield ENG"]
[Date "2011.08.04"]
[Round "10.22"]
[White "MacQueen,C"]
[Black "Britton,R"]
[Result "1/2-1/2"]
[WhiteElo "2139"]
[BlackElo "2203"]

1.d4 Nf6 2.c4 g6 3.Nc3 Bg7 4.e4 d6 5.Nf3 O-O 6.Be2 e5 7.Be3 Ng4 8.Bg5 f6
9.Bc1 Nc6 10.d5 Nd4 11.Nxd4 exd4 12.Nb5 f5 13.O-O Ne5 14.exf5 d3 15.Bxd3 Nxd3
16.Qxd3 Bxf5 17.Qd1 Qf6 18.Nxc7 Rac8 19.Ne6 Bxe6 20.dxe6 Qxe6 21.Be3 Qxc4
22.b3 Qe6 23.Rb1 a6 24.Qd2 d5 25.Rbd1 d4 26.Bh6 Bxh6 27.Qxh6 Rc2 28.Qh4 Rxa2
29.Qxd4 Qxb3 30.Rd3 Ra4 31.Rxb3 Rxd4 32.Rxb7 Rf7 33.Rb8+ Kg7 34.Ra8 Ra4 35.h4 Rxh4  1/2-1/2

[Event "112th US Open"]
[Site "Orlando USA"]
[Date "2011.08.05"]
[Round "7"]
[White "Pabon,T"]
[Black "Regam,Jessica"]
[Result "0-1"]
[WhiteElo "1627"]
[BlackElo "1819"]

1.d4 Nf6 2.Nf3 g6 3.c4 Bg7 4.Nc3 O-O 5.e4 d6 6.Be2 e5 7.d5 a5 8.Bg5 h6 9.Bd2 Na6
10.Qc1 Kh7 11.Bd3 Nc5 12.Bc2 Nh5 13.O-O Bd7 14.Ne1 Qh4 15.Be3 b6 16.f3 Nf4
17.Qd2 Nh5 18.Ne2 Qe7 19.Nc1 Nf4 20.Ncd3 Ncxd3 21.Nxd3 Nxd3 22.Qxd3 Kg8 23.a4 f5
24.b3 f4 25.Bf2 g5 26.Bd1 h5 27.h3 Rf6 28.Be1 Rg6 29.Ra2 Bf6 30.Kf2 Qg7 31.Rg1 Kf7
32.Kf1 Rg8 33.Bc3 g4 34.fxg4 hxg4 35.Bxg4 Bxg4 36.hxg4 Rxg4 37.Be1 Bh4 38.Rb2 Bxe1
39.Kxe1 Rg3 40.Qe2 Re3  0-1

[Event "98th ch-GBR"]
[Site "Sheffield ENG"]
[Date "2011.08.05"]
[Round "11.24"]
[White "MacQueen,C"]
[Black "Sreeves,C"]
[Result "1-0"]
[WhiteElo "2139"]
[BlackElo "2169"]

1.d4 Nf6 2.c4 g6 3.Nc3 Bg7 4.e4 d6 5.Nf3 O-O 6.Be2 e5 7.Be3 Na6 8.O-O Ng4
9.Bg5 Qe8 10.h3 h6 11.Bc1 exd4 12.Nxd4 Nf6 13.Bf3 Nc5 14.Re1 Qe5 15.Ndb5 Qe7
16.Bf4 Ne6 17.Nd5 Qd8 18.Bg3 Nxd5 19.cxd5 Nc5 20.e5 dxe5 21.Bxe5 Bxe5 22.Rxe5 Bd7
23.Nc3 Qf6 24.Re1 Rfe8 25.Qd2 Bf5 26.g4 Bd7 27.Bg2 a5 28.Qxh6 Nd3 29.Rf1 a4
30.a3 Ra5 31.Ne4 Qg7 32.Qd2 Rxd5 33.g5 Rd4 34.Nf6+ Kh8 35.Qc3 Nf4 36.Rae1 Rxe1
37.Rxe1 Rd1 38.Rxd1 Ne2+ 39.Kh1 Nxc3 40.Rxd7 Qf8 41.bxc3 c6 42.Rxb7 Kg7 43.Rb4 Qd8
44.Rd4 Qe7 45.f4 Qxa3 46.Kh2 Qc1 47.Rxa4 c5 48.Re4 Qd2 49.c4 Qf2 50.Kh1 Qg3
51.Nd5 Qd3 52.Kh2 Qc2 53.Ne3 Qd3 54.f5 gxf5 55.Nxf5+ Kg6 56.Ng3 Kxg5 57.Re5+ Kf6
58.Rxc5 Qd4 59.Rf5+ Ke7 60.c5  1-0

[Event "Split Open"]
[Site "Split CRO"]
[Date "2011.08.05"]
[Round "1.28"]
[White "Zaja,D"]
[Black "Dragomirescu,C"]
[Result "0-1"]
[WhiteElo "1838"]
[BlackElo "2215"]

1.d4 Nf6 2.c4 g6 3.Nc3 Bg7 4.Nf3 O-O 5.e4 d6 6.Be2 e5 7.dxe5 dxe5 8.Qxd8 Rxd8
9.O-O c6 10.Bg5 Re8 11.h3 Nbd7 12.Rfd1 Nf8 13.Rd6 Ne6 14.Be3 Nh5 15.Rad1 Nd4
16.Nxd4 exd4 17.Bxd4 Bf8 18.c5 Nf4 19.Bf3 Ne6 20.Be3 Bxd6 21.cxd6 Nf8 22.Bh6 Bd7
23.Bxf8 Kxf8 24.Bg4 Rad8 25.f4 f6 26.Kf2 Bxg4 27.hxg4 Re6 28.g5 Rexd6 29.Rxd6 Rxd6
30.gxf6 Rxf6 31.Ke3 g5 32.f5 h5 33.Ne2 c5 34.Nc3 Rb6 35.b3 c4 36.bxc4 Rb2
37.g3 h4 38.gxh4 gxh4 39.Nd1 h3  0-1

[Event "Politiken Cup"]
[Site "Helsingor DEN"]
[Date "2011.08.06"]
[Round "9.105"]
[White "Rasmussen,He2"]
[Black "Jacobsen,Fredrik Beer"]
[Result "0-1"]
[WhiteElo "1829"]
[BlackElo "1956"]

1.d4 Nf6 2.c4 g6 3.Nc3 Bg7 4.e4 d6 5.Nf3 O-O 6.Be2 Nbd7 7.O-O e5 8.Rb1 a5
9.b3 exd4 10.Nxd4 Re8 11.f3 Nc5 12.a3 Nh5 13.b4 Ne6 14.Be3 c6 15.Nxe6 Bxe6
16.Bd4 axb4 17.axb4 Nf4 18.Bxg7 Kxg7 19.Qd4+ Kg8 20.Rfd1 Qg5 21.g3 Rad8 22.Bf1 Nh5
23.c5 d5 24.exd5 Bxd5 25.Nxd5 Rxd5 26.Qf2 Red8 27.Rxd5 Rxd5 28.Re1 Kg7 29.Bg2 Qd8
30.f4 Rd2 31.Qe3 Nf6 32.Qe5 Qd3 33.Bf1 Qb3 34.Qe3 Qxb4 35.Rb1 Qxb1 36.Qxd2 Nd5
37.Kf2 Qb3 38.Bg2 Qc4 39.Bxd5 cxd5 40.Qb2+ d4 41.Qxb7 Qc2+ 42.Kf3 Qd3+ 43.Kg4 Qe2+
44.Kh3 d3 45.Qd5 d2 46.Qd4+ Kh6 47.Qd8 d1=Q  0-1

[Event "Politiken Cup"]
[Site "Helsingor DEN"]
[Date "2011.08.06"]
[Round "9.110"]
[White "Christophersen,David"]
[Black "Svanholm,B"]
[Result "1/2-1/2"]
[WhiteElo "1777"]
[BlackElo "1926"]

1.d4 Nf6 2.c4 g6 3.Nc3 Bg7 4.e4 d6 5.Nf3 O-O 6.Be2 e5 7.d5 a5 8.a3 Nbd7 9.Bg5 h6
10.Be3 b6 11.Qd2 Ng4 12.O-O Nxe3 13.Qxe3 a4 14.Nd2 Nc5 15.b4 axb3 16.Rfb1 Bd7
17.Nxb3 Nxb3 18.Rxb3 Qe7 19.a4 Ra5 20.h3 f5 21.exf5 gxf5 22.Nb5 e4 23.Ra2 f4
24.Qd2 f3 25.gxf3 exf3 26.Rxf3 Rxf3 27.Bxf3 Bxh3 28.Qe3 Qf7 29.Bg2 Bxg2 30.Kxg2 Qg6+
31.Kf3 Qh5+ 32.Ke4 Qg6+ 33.Kf3 Qh5+ 34.Ke4 Qg6+ 35.Kf3 Qf7+ 36.Kg2 Qg6+ 37.Kf3 Qh5+  1/2-1/2

[Event "Sakkozo Magyarok World Meeting"]
[Site "Lakitelek HUN"]
[Date "2011.08.06"]
[Round "1.14"]
[White "Pasztor,Sa1"]
[Black "Valis,J"]
[Result "0-1"]
[WhiteElo "1779"]
[BlackElo "2068"]

1.d4 Nf6 2.c4 g6 3.Nc3 Bg7 4.e4 d6 5.Nf3 O-O 6.Be2 e5 7.dxe5 dxe5 8.Qxd8 Rxd8
9.Bg5 c6 10.O-O Re8 11.Rfd1 Bg4 12.h3 Bxf3 13.Bxf3 Nfd7 14.Bg4 Nf8 15.Rd6 h5
16.Be2 Ne6 17.Be3 Nd4 18.Rd1 Bf8 19.Rf6 Kg7 20.Rf3 Nxf3+ 21.Bxf3 Na6 22.a3 Bc5
23.Bg5 f6 24.Bh4 Rad8 25.b4 Rxd1+ 26.Bxd1 Bd4 27.Na4 b5  0-1

[Event "ITT Ciudad de Villa Martelli"]
[Site "Villa Martelli ARG"]
[Date "2011.08.06"]
[Round "6"]
[White "Menna Barreto,F"]
[Black "Della Morte,P"]
[Result "1-0"]
[WhiteElo "2193"]
[BlackElo "2319"]

1.Nf3 Nf6 2.c4 g6 3.Nc3 Bg7 4.e4 d6 5.d4 O-O 6.Be2 e5 7.d5 Na6 8.Bg5 h6 9.Bh4 Bd7
10.Nd2 c6 11.O-O cxd5 12.cxd5 Rc8 13.Nc4 b5 14.Bxf6 Bxf6 15.Na3 b4 16.Bxa6 Rb8
17.Nc4 bxc3 18.bxc3 Qc7 19.Rb1 Bg5 20.Qc2 f5 21.Rxb8 Rxb8 22.Rb1 fxe4 23.Rxb8+ Qxb8
24.Qb3 Qxb3 25.axb3 Be7 26.h3 h5 27.Kf1 Kf7 28.Ke1 Bf8 29.Nd2 Bf5 30.Be2 h4
31.Bf1 Bh6 32.Ke2 Ke7 33.Nc4 Bd7 34.Ne3 Bf4 35.b4 Ba4 36.Kd2 Kd7 37.c4 Kc7
38.Kc3 Bxe3 39.fxe3 Kb6 40.Be2 Bd7 41.Bg4 Be8 42.Be6 a6 43.Kb3 a5 44.c5+ dxc5
45.bxa5+ Kxa5 46.d6 Ba4+ 47.Ka3 c4 48.d7 Bxd7 49.Bxd7 g5 50.Bc6 Kb6 51.Bxe4 Kc5
52.Ka4  1-0

[Event "15th HZ Open"]
[Site "Vlissingen NED"]
[Date "2011.08.06"]
[Round "9"]
[White "Ikonnikov,Vy"]
[Black "Afek,Y"]
[Result "1-0"]
[WhiteElo "2553"]
[BlackElo "2298"]

1.d4 Nf6 2.Nf3 g6 3.c4 Bg7 4.Nc3 O-O 5.e4 d6 6.Be2 e5 7.O-O c6 8.Re1 Na6
9.d5 Nc5 10.Bf1 a5 11.b3 cxd5 12.cxd5 Bd7 13.Nd2 Ne8 14.Ba3 Rc8 15.Na4 Nxa4
16.bxa4 Rc3 17.Bb2 Rc5 18.Qb3 Bh6 19.Nc4 b5 20.axb5 Bxb5 21.Nxe5 Bxf1 22.Ng4 Bf4
23.Rxf1 f5 24.exf5 Rxf5 25.Rfe1 h5 26.Ne3 Bxh2+ 27.Kf1 Rf8 28.Qd3 Kh7 29.Ke2 Bf4
30.Bd4 Rc8 31.Rh1 Qg5 32.g4 h4 33.Qe4 Rc7 34.Rxh4+ Qxh4 35.Rh1 Bh2 36.Qg2 Rcf7
37.Nf5 Rxf5 38.Rxh2 Rh5 39.Rxh4 Rxh4 40.Qe4 Rh3 41.g5 Rh5 42.Qe7+ Kg8 43.a4 Rh4
44.Kd3 Rh3+ 45.Kc4 Rhf3 46.Qd8 R3f4 47.Qxa5 Re4 48.Kc3 Rf3+ 49.Be3 Rf7 50.Kd3 Re5
51.f4 Ree7 52.Qd8 Kf8 53.a5 Rd7 54.Qa8 Ke7 55.a6 Nc7 56.Qc6 Rf8 57.a7 Na8
58.Qa4 Kd8 59.Qe4 Rg8 60.Qe6 Rgg7 61.Bd4 Rh7 62.Qg8+  1-0

[Event "50th World Juniors"]
[Site "Chennai IND"]
[Date "2011.08.07"]
[Round "6.29"]
[White "Pradeep,KR"]
[Black "Ramnath,B"]
[Result "1/2-1/2"]
[WhiteElo "2245"]
[BlackElo "2422"]

1.Nf3 Nf6 2.c4 g6 3.Nc3 Bg7 4.d4 O-O 5.e4 d6 6.Be2 e5 7.O-O exd4 8.Nxd4 Re8
9.f3 c6 10.Nb3 a5 11.a4 Nbd7 12.Bf4 Qb6+ 13.Kh1 Ne5 14.Bxe5 dxe5 15.c5 Qa7
16.Nb1 Be6 17.N1d2 Nd7 18.Qc2 Bh6 19.Nc4 Nxc5 20.Nbxa5 Bf8 21.b4 Nd7 22.Qc3 Qb8
23.Rfd1 Qc7 24.Nb3 b5 25.Nb2 bxa4 26.Nxa4 Bxb3 27.Qxb3 Reb8 28.b5 cxb5 29.Bxb5 Nf6
30.Nc3 Rxa1 31.Rxa1  1/2-1/2

[Event "Politiken Cup"]
[Site "Helsingor DEN"]
[Date "2011.08.07"]
[Round "10.83"]
[White "Henningsen,Lasse"]
[Black "Sorensen,D"]
[Result "1/2-1/2"]
[WhiteElo "1670"]
[BlackElo "1993"]

1.d4 Nf6 2.Nf3 g6 3.c4 Bg7 4.Nc3 O-O 5.e4 d6 6.Be2 Nbd7 7.O-O e5 8.Re1 exd4
9.Nxd4 Nc5 10.Bf3 h6 11.Rb1 Re8 12.b4 Ne6 13.Nxe6 Bxe6 14.Nd5 Bxd5 15.cxd5 Nd7
16.Qc2 Ne5 17.Be2 Rc8 18.f4 Nd7 19.Bd3 Qf6 20.Kh1 Qc3  1/2-1/2

[Event "Politiken Cup"]
[Site "Helsingor DEN"]
[Date "2011.08.07"]
[Round "10.98"]
[White "Radice,L"]
[Black "Rodvik,Trym Daniel"]
[Result "1/2-1/2"]
[WhiteElo "2021"]
[BlackElo "1843"]

1.d4 Nf6 2.c4 g6 3.Nc3 Bg7 4.e4 d6 5.Nf3 O-O 6.Be2 e5 7.Be3 Ng4 8.Bg5 f6
9.Bh4 g5 10.Bg3 Nh6 11.d5 Nd7 12.Nd2 f5 13.f3 Nf6 14.Bf2 fxe4 15.Ndxe4 g4
16.Qd3 Nh5 17.g3 gxf3 18.Bxf3 Bg4 19.Bg2 Nf6 20.h3 Nxe4 21.Nxe4 Bf5 22.g4 Bg6
23.O-O Qe7 24.Be3 a6 25.Qd2 Rxf1+ 26.Rxf1 Nf7 27.b4 Qh4 28.Rxf7 Bxe4 29.Rxg7+ Kxg7
30.Bxe4 Qxh3 31.Bf5 Rf8 32.Bf2 h6 33.Qc2 Qa3 34.c5 Qxb4 35.cxd6 cxd6 36.Qc7+ Rf7
37.Qc8 a5 38.Qe6 Rf6 39.Qd7+ Rf7 40.Kg2 a4 41.Qe6 Rf6 42.Qe7+ Rf7  1/2-1/2

[Event "112th US Open"]
[Site "Orlando USA"]
[Date "2011.08.07"]
[Round "9"]
[White "Gelashvili,T"]
[Black "Becerra Rivero,J"]
[Result "1-0"]
[WhiteElo "2616"]
[BlackElo "2557"]

1.d4 Nf6 2.c4 g6 3.Nc3 Bg7 4.e4 d6 5.Nf3 O-O 6.Be2 e5 7.O-O exd4 8.Nxd4 Re8
9.f3 Nc6 10.Be3 Nh5 11.Qd2 Nf4 12.Rfd1 Nxd4 13.Bxd4 Bxd4+ 14.Qxd4 Nxe2+ 15.Nxe2 b6
16.Nc3 Bb7 17.Rac1 Qg5 18.Nd5 Bxd5 19.cxd5 Re7 20.Qd2 Qe5 21.Rc4 f5 22.Rdc1 fxe4
23.Rxe4 Qf6 24.Qf4 Qxf4 25.Rxf4 a5 26.Rfc4 Ra7 27.Kf2 a4 28.Re4 Rf7 29.Rec4 Kf8
30.Ke3 Ke8 31.R1c3 Kd8 32.f4 Ra5 33.Rd4 Re7+ 34.Kf3 Rb5 35.Rc2 Kd7 36.Rcd2 Ra5
37.a3 Ra8 38.Rb4 Re1 39.g3 Ra5 40.Kg4 Re7 41.Kg5 Rf7 42.Kh6 Re7 43.g4 Rf7
44.h4 Rc5 45.Rxa4 Rc1 46.f5 gxf5 47.Rf4 Re7 48.Rxf5 Rg1 49.g5 c6 50.Rf6 c5
51.Rdf2 Rh1 52.h5 Rd1 53.R2f5  1-0

[Event "112th US Open"]
[Site "Orlando USA"]
[Date "2011.08.07"]
[Round "9"]
[White "Gurevich,D"]
[Black "Gareev,T"]
[Result "0-1"]
[WhiteElo "2479"]
[BlackElo "2613"]

1.d4 Nf6 2.c4 g6 3.Nc3 Bg7 4.e4 O-O 5.Nf3 d6 6.Be2 e5 7.O-O exd4 8.Nxd4 Re8
9.f3 c6 10.Kh1 Nh5 11.g4 Nf6 12.Bf4 Qe7 13.Nc2 Bf8 14.Qd4 Nbd7 15.Rad1 Ne5
16.Ne3 a6 17.a4 Nfd7 18.a5 Nc5 19.Qd2 Be6 20.b4 Ncd7 21.Rg1 Kh8 22.Bg3 g5
23.f4 gxf4 24.Bxf4 Qf6 25.Rdf1 Ng6 26.Bxd6 Qg5 27.Rf5 Qd8 28.Rf2 Bxd6 29.Qxd6 Nde5
30.Qd1 Qg5 31.Qc1 Rad8 32.Na4 Nd3 33.Bxd3 Rxd3 34.Nf5 Qxc1 35.Rxc1 Rb3 36.Nc5 Rxb4
37.Nd6 Re7 38.Nxe6 Rxe6 39.Nxf7+ Kg7 40.e5 Nxe5 41.Nxe5 Rxe5 42.Kg2 Rxa5
43.Rcf1 Re5 44.Rf7+ Kg6 45.Kg3 Re6 46.Rd7 h5 47.h3 hxg4 48.hxg4 Rf6 49.Rxf6+ Kxf6
50.Kh4 Ke6 51.Rc7 a5 52.g5 Kd6 53.Rf7 Rxc4+ 54.Kh5 b5 55.g6 Rc1 56.g7 Rh1+
57.Kg6 Rg1+ 58.Kh7 Kd5 59.Rf1 Rg3 60.g8=Q+ Rxg8 61.Kxg8 a4 62.Ra1 c5 63.Kf7 c4
64.Rd1+ Kc5 65.Ke6 c3 66.Ke5 Kc4 67.Ke4 b4 68.Rd8 a3 69.Ra8 c2  0-1

[Event "20th Poznan Open"]
[Site "Poznan POL"]
[Date "2011.08.07"]
[Round "2.22"]
[White "Opolski,W"]
[Black "Pawlowski,Rafal"]
[Result "0-1"]
[WhiteElo "1713"]
[BlackElo "1462"]

1.d4 Nf6 2.c4 g6 3.Nc3 Bg7 4.e4 d6 5.Nf3 O-O 6.Be2 Nbd7 7.O-O e5 8.d5 Nc5
9.Qc2 Nh5 10.b4 Na6 11.Rb1 f5 12.Bd3 f4 13.c5 g5 14.Be2 g4 15.Ne1 Qh4 16.Qd3 Rf6
17.g3 Qh3 18.gxf4 Nxf4 19.Qxh3 Nxh3+ 20.Kg2 dxc5 21.Bxa6 cxb4 22.Bxb7 Bxb7
23.Nb5 Ba6 24.Rxb4 c6 25.dxc6 Rxc6 26.Be3 Bf8 27.Rb1 Rb8 28.a4 Rc4 29.Rh1 Rxa4
30.Nc3 Rxb1 31.Nxa4 Bb7 32.f3 h5 33.Bxa7 Ra1 34.Bb8 Rxa4 35.Bxe5 Be7  0-1

[Event "9th Davos Open"]
[Site "Davos SUI"]
[Date "2011.08.08"]
[Round "1.13"]
[White "Ledent,Philippe"]
[Black "Boschetti,C"]
[Result "1/2-1/2"]
[WhiteElo "1877"]
[BlackElo "2104"]

1.d4 Nf6 2.c4 g6 3.Nc3 Bg7 4.e4 d6 5.Nf3 O-O 6.Be2 e5 7.d5 c5 8.O-O Na6 9.h3 Nh5
10.Be3 Nf4 11.Nd2 Nc7 12.Bxf4 exf4 13.Bg4 f5 14.exf5 h5 15.Bf3 Rxf5 16.Be4 Ne8
17.Bxf5 Bxf5 18.Qf3 Be5 19.Rfe1 Ng7 20.Nde4 g5 21.g4 fxg3 22.Nxg3 Bxh3 23.Rxe5 dxe5
24.Nxh5 g4 25.Nf6+ Kh8 26.Nxg4 Qh4 27.Nxe5 Bf5 28.Qxf5 Nxf5 29.Ng6+ Kg7 30.Nxh4 Nxh4
31.Rd1 Kf7 32.Ne4 b6 33.Rd3 Nf5 34.Rf3 Kg6 35.Ra3 Nd4 36.Kg2 Kf5 37.Ng3+ Kf6
38.Re3 Rg8 39.b3 Kf7 40.Kh3 Rd8 41.Ne2 Nf5 42.Re6 Nd6 43.f4 b5 44.Rh6 bxc4
45.bxc4  1/2-1/2

[Event "7th Gazi-Heraklion Open"]
[Site "Heraklion GER"]
[Date "2011.08.08"]
[Round "4"]
[White "Kouvatsos,F"]
[Black "Kadianis,Iakovos"]
[Result "1-0"]
[WhiteElo "2152"]
[BlackElo "1849"]

1.d4 Nf6 2.c4 g6 3.Nc3 Bg7 4.e4 d6 5.Nf3 O-O 6.Be2 e5 7.Be3 Nc6 8.d5 Ne7
9.Nd2 Ne8 10.O-O f5 11.f3 Nf6 12.Rc1 f4 13.Bf2 h5 14.c5 Ne8 15.cxd6 cxd6
16.Nc4 b6 17.Qa4 Bb7 18.Qa3 Nc8 19.Rc2 Bf6 20.Kh1 Rf7 21.Rfc1 Bh4 22.Bg1 Rh7
23.Nd2 Qg5 24.Ba6 Bg3 25.Bxb7 Rxb7 26.Nb5 Ne7 27.Nxd6 Nxd6 28.Qxd6 Rab8 29.Qe6+ Kh7
30.Rc7 Bh4 31.d6 Rxc7 32.Rxc7 Re8 33.Qf7+  1-0

[Event "7th Gazi-Heraklion Open"]
[Site "Heraklion GER"]
[Date "2011.08.08"]
[Round "4"]
[White "Fragiadakis,E"]
[Black "Radovanovic,J"]
[Result "0-1"]
[WhiteElo "1956"]
[BlackElo "2323"]

1.d4 Nf6 2.c4 g6 3.Nc3 Bg7 4.e4 d6 5.Nf3 O-O 6.Be2 Nbd7 7.O-O e5 8.Be3 c6
9.dxe5 dxe5 10.Nd2 Qe7 11.Nb3 Ne8 12.Qd2 Nc7 13.Rad1 Ne6 14.Qd6 Qf6 15.Nc5 Ndxc5
16.Bxc5 Re8 17.Be3 Rd8 18.Qb4 Nd4 19.c5 Be6 20.Qa4 Qe7 21.b4 a5 22.Rb1 Bf8
23.Rfc1 b5 24.Qa3 axb4 25.Qxb4 Qa7 26.Bxd4 Rxd4 27.Qb2 Bxc5 28.Nd1  0-1

[Event "22nd ch-NATO"]
[Site "Kaunas LTU"]
[Date "2011.08.08"]
[Round "1.3"]
[White "Vaznonis,V"]
[Black "Zengin,S"]
[Result "1/2-1/2"]
[WhiteElo "2395"]
[BlackElo "2064"]

1.d4 Nf6 2.c4 g6 3.Nc3 Bg7 4.e4 d6 5.Nf3 O-O 6.Be2 e5 7.O-O exd4 8.Nxd4 Re8
9.f3 Nc6 10.Nxc6 bxc6 11.Bg5 Rb8 12.Qd2 Qe7 13.Rac1 Qe5 14.Be3 Qa5 15.b3 Nd7
16.Rfe1 Nc5 17.Bd4 Bxd4+ 18.Qxd4 Ne6 19.Qf2 Qc5 20.Na4 Qxf2+ 21.Kxf2 c5 22.Nc3 Bb7
23.Bf1 Nd4 24.Nb5 Ne6 25.g3 a6 26.Nc3 Nd4 27.Ne2 Nc6 28.Nc3 Nd4  1/2-1/2

[Event "50th World Juniors"]
[Site "Chennai IND"]
[Date "2011.08.09"]
[Round "7.25"]
[White "Rajesh,VA"]
[Black "Nitin,S"]
[Result "0-1"]
[WhiteElo "2292"]
[BlackElo "2365"]

1.d4 Nf6 2.c4 g6 3.Nc3 Bg7 4.Nf3 O-O 5.e4 d6 6.Be2 e5 7.O-O Nbd7 8.Be3 Ng4
9.Bg5 f6 10.Bc1 Nh6 11.dxe5 dxe5 12.h3 Nf7 13.Qc2 c6 14.Rd1 Re8 15.b4 Qc7
16.Rb1 Nf8 17.b5 f5 18.Be3 f4 19.Bc1 Ne6 20.Bf1 g5 21.Ba3 h5 22.Qa4 Bd7 23.c5 g4
24.hxg4 hxg4 25.Nh4 Nd4 26.bxc6 Bxc6 27.Qc4 Qe7 28.g3 Qg5 29.Bc1 Qh5 30.Nd5 Rad8
31.Bg2 Qh7 32.Bb2 f3 33.Bf1 Bb5 34.Qb4 Bxf1 35.Kxf1 Qxe4 36.Ne3 Ng5 37.Nhf5 Nxf5
38.Qxe4 Nxg3+ 39.fxg3 Nxe4 40.Nxg4 Nd2+ 41.Kf2 Nxb1 42.Rxb1 Rd2+  0-1

[Event "22nd ch-NATO"]
[Site "Kaunas LTU"]
[Date "2011.08.09"]
[Round "3.32"]
[White "Lutz,B"]
[Black "Almonti,A"]
[Result "1-0"]
[WhiteElo "2318"]
[BlackElo "2022"]

1.d4 d6 2.Nf3 g6 3.c4 Bg7 4.Nc3 Nf6 5.e4 O-O 6.Be2 e5 7.Be3 Nbd7 8.O-O Re8
9.d5 Nh5 10.Re1 Bf6 11.Rc1 Ng7 12.b4 Be7 13.c5 a6 14.cxd6 cxd6 15.a4 f5 16.exf5 gxf5
17.a5 Kh8 18.Na4 Rg8 19.Nb6 Nxb6 20.Bxb6 Qe8 21.Bf1 Qg6 22.Kh1 Nh5 23.Rc2 Bf6
24.Bc7 e4 25.Nd2 Bd7 26.Ra2 Bb5 27.g3 Bxf1 28.Nxf1 Bc3 29.Re3 Be5 30.Qe2 Rac8
31.Rc2 Nf6 32.Qd1 Ng4 33.Rec3 Qh5 34.Kg1 Rg7 35.Bb6 Rcg8 36.Rc7 Rxc7 37.Bxc7 Nxh2
38.Nxh2  1-0

[Event "50th World Juniors"]
[Site "Chennai IND"]
[Date "2011.08.10"]
[Round "8.9"]
[White "Sjugirov,S"]
[Black "Kovalev,Vl"]
[Result "1/2-1/2"]
[WhiteElo "2629"]
[BlackElo "2439"]

1.d4 Nf6 2.Nf3 g6 3.c4 Bg7 4.Nc3 O-O 5.e4 d6 6.Be2 e5 7.Be3 exd4 8.Nxd4 Re8
9.f3 c6 10.Bf2 a6 11.O-O b5 12.a3 Bb7 13.Qd2 Nbd7 14.b4 bxc4 15.Bxc4 d5 16.exd5 cxd5
17.Bb3 Ne5 18.Na4 Nc4 19.Qc1 Nd7 20.Nc5 Nxc5 21.bxc5 Rc8 22.Rb1 Qd7 23.Bxc4 dxc4
24.Qxc4 Re5 25.Qb4 Ba8 26.Rbc1 Rd5 27.Rc4 a5 28.Qc3 Bc6 29.Qe3 Re8 30.Qf4 g5
31.Qg4 Qxg4 32.fxg4 Bxd4 33.Rxd4 Rxc5 34.Rd2 Rd5 35.Rxd5 Bxd5 36.h3 a4 37.Bc5 h6
38.Rd1 Bc6 39.Rd2 Kh7 40.Kh2 Kg6 41.Bb4  1/2-1/2

[Event "Olomouc FIDE Open"]
[Site "Olomouc CZE"]
[Date "2011.08.10"]
[Round "8.9"]
[White "Hobusch,A"]
[Black "Blazeka,M"]
[Result "1-0"]
[WhiteElo "2133"]
[BlackElo "2213"]

1.d4 Nf6 2.Nf3 g6 3.c4 Bg7 4.Nc3 d6 5.e4 O-O 6.Be2 e5 7.Be3 Ng4 8.Bg5 f6
9.Bc1 exd4 10.Nxd4 f5 11.h3 Nh6 12.Bxh6 Bxh6 13.exf5 Bxf5 14.O-O Nc6 15.Nxf5 Rxf5
16.Bg4 Rf8 17.Qb3 Ne5 18.Be2 Kh8 19.Qxb7 Rb8 20.Qxa7 Rxb2 21.Qa3 Rd2 22.Rad1 Rxd1
23.Nxd1 Qa8 24.Qb2 Rb8 25.Qc2 Qa3 26.f4 Nc6 27.Qe4 Qc5+ 28.Kh1 Nd4 29.Bd3 Bg7
30.Ne3 Rf8 31.f5 gxf5 32.Nxf5 Nxf5 33.Rxf5 Qxf5 34.Qxf5 Rxf5 35.Bxf5 c6 36.Be4 d5
37.cxd5 cxd5 38.Bxd5 Bc3 39.Kg1 Kg7 40.Kf2 Kg6 41.Ke3 h5 42.g4 Kg5 43.Kf3 Ba5
44.a4 Bb4 45.Be6 h4 46.Ke4 Be1 47.Kd5 Kf4 48.Kc4 Bd2 49.Kb5 Kg3 50.a5 Be3
51.a6 Kxh3 52.g5+  1-0

[Event "24th Panevezys Open"]
[Site "Panevezys LTU"]
[Date "2011.08.10"]
[Round "3.1"]
[White "Krivonosov,O"]
[Black "Tsiganova,M"]
[Result "1-0"]
[WhiteElo "2448"]
[BlackElo "2161"]

1.Nf3 Nf6 2.c4 g6 3.Nc3 Bg7 4.e4 d6 5.d4 O-O 6.Be2 Nbd7 7.O-O e5 8.Re1 exd4
9.Nxd4 Nc5 10.f3 Re8 11.Be3 c6 12.Bf1 Nh5 13.Qd2 f5 14.exf5 gxf5 15.b4 Na6
16.b5 Rxe3 17.Qxe3 f4 18.Qd2 Nb4 19.Rad1 Qb6 20.Na4 Qa5 21.a3 Qxa4 22.axb4 c5
23.Nf5 Bxf5 24.Qd5+ Kh8 25.Qxf5 Nf6 26.Rxd6 Qxb4 27.Red1  1-0

[Event "Split Open"]
[Site "Split CRO"]
[Date "2011.08.10"]
[Round "6.1"]
[White "Doric,D"]
[Black "Cvitan,O"]
[Result "1/2-1/2"]
[WhiteElo "2491"]
[BlackElo "2501"]

1.Nf3 Nf6 2.c4 g6 3.Nc3 Bg7 4.e4 d6 5.d4 O-O 6.Be2 e5 7.O-O exd4 8.Nxd4 Re8
9.f3 c6 10.Be3 d5  1/2-1/2

[Event "20th ZMDI Open A"]
[Site "Dresden GER"]
[Date "2011.08.11"]
[Round "6.1"]
[White "Shankland,S"]
[Black "Vorobiov,E"]
[Result "1/2-1/2"]
[WhiteElo "2539"]
[BlackElo "2574"]

1.d4 Nf6 2.c4 g6 3.Nc3 Bg7 4.e4 d6 5.Nf3 O-O 6.Be2 e5 7.O-O exd4 8.Nxd4 Re8
9.f3 c6 10.Be3 d5 11.cxd5 Nxd5 12.Nxd5 cxd5 13.Rc1 Nc6 14.Nxc6 bxc6 15.Rxc6 Bb7
16.Rc2 dxe4 17.Qxd8 Raxd8 18.f4 Bd4 19.Bxd4 Rxd4 20.Rc7 Bd5 21.Rd7 e3 22.Re1 Rd2
23.Bf1 Kg7 24.Re2 Rxe2 25.Bxe2 Bxa2 26.Rxa7 Rc8 27.h3 Rc1+ 28.Kh2 Be6 29.Ra3 Rc2  1/2-1/2

[Event "23rd Jirasek Mem GM"]
[Site "Rakovnik CZE"]
[Date "2011.08.11"]
[Round "7.3"]
[White "Cyborowski,L"]
[Black "Neuman,P"]
[Result "1/2-1/2"]
[WhiteElo "2537"]
[BlackElo "2454"]

1.d4 Nf6 2.c4 g6 3.Nc3 Bg7 4.e4 d6 5.Nf3 O-O 6.Be2 e5 7.dxe5 dxe5 8.Qxd8 Rxd8
9.Bg5 c6 10.Rd1 Rxd1+  1/2-1/2

[Event "Split Open"]
[Site "Split CRO"]
[Date "2011.08.11"]
[Round "7.23"]
[White "Pejic,Ig"]
[Black "Dragomirescu,C"]
[Result "0-1"]
[WhiteElo "2040"]
[BlackElo "2215"]

1.d4 Nf6 2.Nf3 g6 3.c4 Bg7 4.Nc3 d6 5.e4 O-O 6.Be2 e5 7.O-O exd4 8.Nxd4 Re8
9.f3 c6 10.Kh1 Nbd7 11.Bg5 Qb6 12.Nb3 a5 13.Qd2 a4 14.Be3 Qd8 15.Nd4 Ne5
16.Rad1 h5 17.Nc2 Be6 18.b3 axb3 19.axb3 Nh7 20.f4 Ng4 21.f5 Nxe3 22.Nxe3 Bc8
23.c5 Qa5 24.cxd6 Bxc3 25.fxg6 Bxd2 26.gxf7+ Kf8 27.fxe8=Q+ Kxe8 28.Bc4 Qg5
29.d7+ Bxd7 30.Rxd2 Qe7  0-1

[Event "Split Open"]
[Site "Split CRO"]
[Date "2011.08.11"]
[Round "7.5"]
[White "Bilobrk,F"]
[Black "Saric,A"]
[Result "0-1"]
[WhiteElo "2374"]
[BlackElo "2483"]

1.d4 Nf6 2.c4 g6 3.Nc3 Bg7 4.e4 d6 5.Nf3 O-O 6.Be2 e5 7.O-O exd4 8.Nxd4 Re8
9.f3 c6 10.Kh1 Nbd7 11.Bg5 Qb6 12.Na4 Qa5 13.Bd2 Qe5 14.Bc3 Qe7 15.Qd2 Ne5
16.b3 d5 17.cxd5 cxd5 18.Bb5 Bd7 19.Bxd7 Qxd7 20.exd5 Qxd5 21.Rad1 b5 22.Nb2 Rac8
23.Nd3 Nxd3 24.Qxd3 Nh5 25.Ba1 a6 26.g3 Qd7 27.Rf2 Rc5 28.Qf1 Rd5 29.Rfd2 Rd8
30.b4 Qe8 31.Nb3 Rxd2 32.Rxd2 Rxd2 33.Nxd2 Bxa1 34.Qxa1 Qe3 35.Qb2 Ng7 36.Kg2 Qe2+
37.Kh3 Nf5 38.Qc3 Ne3 39.Ne4 Qg2+ 40.Kh4 Qxh2+ 41.Kg5 h6+  0-1